000 00279nam a2200109Ia 4500
008 190912s9999||||xx |||||||||||||| ||und||
100 _aWatts. Humphrey
245 0 _aInroduction To The Personal Software Process
260 _aIndia
_bMcGraw Hill
_c2000
300 _a278
942 _cBK
999 _c7454
_d7454